Statystyki dla Najpopularniejsze fast food w polsce

Kliknij tutaj aby rozwiązać quiz!

Ogólne statystyki

  • Ten quiz został rozwiązany 2 817 razy
  • Średni wynik to 3 z 5

Statystyki odpowiedzi

HintOdpowiedź% Poprawnych
282 lokaleKFC
99%
448 lokaleMcDonald's
90%
153 restauracjePizza Hut
59%
129 lokaleSubway
55%
185 lokaleDa Grasso
13%

Rozkład punktacji

Percentyl według liczby udzielonych odpowiedzi

Procent ludzi z każdym wynikiem

Twoja historia wyników

Nie rozwiązałeś tego quizu